| 000 | 00465nam a2200181Ia 4500 | ||
|---|---|---|---|
| 001 | 18526 | ||
| 005 | 20260306171637.0 | ||
| 008 | 260306s9999||||xx |||||||||||||| ||und|| | ||
| 041 | _aESP | ||
| 082 |
_a658.4063 _bD88 |
||
| 100 |
_aDomínguez Díaz, Paola Malinalli _eAUT |
||
| 245 | 0 | _aManual de herramientas de creatividad e innovación | |
| 260 | _c2022 | ||
| 300 |
_a154 páginas : _c28 cm. |
||
| 650 | _aGEN | ||
| 654 | _aCAN | ||
| 942 |
_cLIB _dJUS _fJUS _2ddc _n |
||
| 999 |
_c18526 _d18526 |
||